Catálogo
 En Linea

Los náufragos del amor / (Registro nro. 4167)

Detalles MARC
000 -CABECERA
campo de control de longitud fija 00739nam a2200229 a 4500
001 - NÚMERO DE CONTROL
campo de control 000004358
005 - FECHA Y HORA DE LA ÚLTIMA TRANSACCIÓN
campo de control 20200929151430.0
008 - DATOS DE LONGITUD FIJA--INFORMACIÓN GENERAL
campo de control de longitud fija 990608s2000 sp 000 f spa d
020 ## - NÚMERO INTERNACIONAL ESTÁNDAR DEL LIBRO
Número Internacional Estándar del Libro 8420442240
040 ## - FUENTE DE LA CATALOGACIÓN
Centro catalogador/agencia de origen DO-SdBNP
Lengua de catalogación spa
Centro/agencia transcriptor BNPHU
082 ## - NÚMERO DE LA CLASIFICACIÓN DECIMAL DEWEY
Número de clasificación 896.2
Número de documento/Ítem B456n
100 1# - ENTRADA PRINCIPAL--NOMBRE DE PERSONA
Nombre de persona Ben Jelloun, Tahar,
Fechas asociadas al nombre 1944-
9 (RLIN) 12841
240 10 - TÍTULO UNIFORME
Título uniforme L´auberge des pauvres.
Lenguaje de la obra Español
245 14 - MENCIÓN DE TÍTULO
Título Los náufragos del amor /
Mención de responsabilidad, etc. Tahar Ben Jelloun ; traducción de Malika Embarek López.
260 ## - PUBLICACIÓN, DISTRIBUCIÓN, ETC.
Lugar de publicación, distribución, etc. Madrid :
Nombre del editor, distribuidor, etc. Alfaguara,
Fecha de publicación, distribución, etc. 2000.
300 ## - DESCRIPCIÓN FÍSICA
Extensión 317 p. ;
Dimensiones 21 cm.
534 ## - NOTA SOBRE LA VERSIÓN ORIGINAL
Encabezamiento principal del original Título original:
Mención de título del original L´auberge des pauvres
650 #4 - PUNTO DE ACCESO ADICIONAL DE MATERIA--TÉRMINO DE MATERIA
Término de materia o nombre geográfico como elemento de entrada Novela marroqui
9 (RLIN) 12842
650 #4 - PUNTO DE ACCESO ADICIONAL DE MATERIA--TÉRMINO DE MATERIA
Término de materia o nombre geográfico como elemento de entrada Literatura marroqui
9 (RLIN) 12843
700 1# - PUNTO DE ACCESO ADICIONAL--NOMBRE DE PERSONA
Nombre de persona Embarek López, Malika,
Término indicativo de función/relación tr.
9 (RLIN) 12844
910 ## - DATOS DE OPCIÓN DEL USUARIO (OCLC)
Datos de opción del usuario WM
Existencias
Estado de retiro Estado de pérdida Restricciones de uso No para préstamo Código de colección Localización permanente Ubicación/localización actual Ubicación en estantería Fecha de adquisición Número de inventario Total de préstamos Signatura topográfica completa Código de barras Fecha visto por última vez Precio válido a partir de Tipo de ítem Koha
        Monografías: Libros y Folletos General General Depósito 21.07.2009 LF1   896.2 B456n 4358-10 25.06.2020 25.06.2020 Préstamo en sala

Con tecnología Koha